000 00371nam a2200145Ia 4500
008 251230s9999 xx 000 0 und d
020 _a0440240883
082 _a820
_bSHA/U
100 _aShaughnessy, Perri O
245 0 _aUnlucky in Law
250 _a1st Edition
260 _aNew York
_bA Dell Book
_c2005
300 _a427p.
942 _yMuit Old Books
_cMuit Old Books
999 _c50382
_d50382